ترشول / (Record no. 106202)

MARC details
000 -LEADER
fixed length control field 00809nam a22002537a 4500
005 - DATE AND TIME OF LATEST TRANSACTION
control field 20170123162304.0
010 ## - LIBRARY OF CONGRESS CONTROL NUMBER
LC control number B-209376
020 ## - INTERNATIONAL STANDARD BOOK NUMBER
Terms of availability 195.00
035 ## - SYSTEM CONTROL NUMBER
System control number B-209376
037 ## - SOURCE OF ACQUISITION
Source of stock number/acquisition Cen Lib/Ret
040 ## - CATALOGING SOURCE
Original cataloging agency DPL
Language of cataloging UR
082 ## - DEWEY DECIMAL CLASSIFICATION NUMBER
Classification number ن
Item number م ح م
100 ## - MAIN ENTRY--PERSONAL NAME
Personal name محمد ارمان حسین
9 (RLIN) 109064
245 ## - TITLE STATEMENT
Title ترشول /
Statement of responsibility, etc محمد ارمان حسین
246 ## - VARYING FORM OF TITLE
Title proper/short title Trishool /
Remainder of title bu Mohammad Arman Husain
260 ## - PUBLICATION, DISTRIBUTION, ETC. (IMPRINT)
Place of publication, distribution, etc دہلی
Name of publisher, distributor, etc ایجوکیشنل پبلشنگ ہاؤس
Date of publication, distribution, etc 2007
270 ## - ADDRESS
City دہلی
Address ٣١٠٨ گلی وکیل کچہ پنڈت لال کون
Postal code 110006
300 ## - PHYSICAL DESCRIPTION
Extent 136p.
Dimensions 21cm(Hb)
650 ## - SUBJECT ADDED ENTRY--TOPICAL TERM
Topical term or geographic name as entry element اردو ادب
9 (RLIN) 109065
650 ## - SUBJECT ADDED ENTRY--TOPICAL TERM
Topical term or geographic name as entry element اردو ناول
9 (RLIN) 547
650 ## - SUBJECT ADDED ENTRY--TOPICAL TERM
Topical term or geographic name as entry element Urdu literature
9 (RLIN) 109066
650 ## - SUBJECT ADDED ENTRY--TOPICAL TERM
Topical term or geographic name as entry element Urdu novel
9 (RLIN) 109067
942 ## - ADDED ENTRY ELEMENTS (KOHA)
Source of classification or shelving scheme Dewey Decimal Classification
Koha item type Urdu Bks
Classification part ن
Call number suffix م ح م
Holdings
Withdrawn status Lost status Damaged status Not for loan Home library Current library Date acquired Source of acquisition Cost, normal purchase price Total Checkouts Full call number Barcode Date last seen Copy number Cost, replacement price Price effective from Koha item type
        Central Library Central Library 16/12/2015 Cen Lib/Ret 195.00   ن م ح م B-209376 16/12/2015 1 195.00 16/12/2015 Urdu Bks

© Delhi Public Library
Hit Counter
free hit counter